<?xml version="1.0" encoding="UTF-8"?><?xml-stylesheet type="text/xsl" href="static/style.xsl"?><OAI-PMH xmlns="http://www.openarchives.org/OAI/2.0/" xmlns:xsi="http://www.w3.org/2001/XMLSchema-instance" xsi:schemaLocation="http://www.openarchives.org/OAI/2.0/ http://www.openarchives.org/OAI/2.0/OAI-PMH.xsd"><responseDate>2026-04-13T07:13:53Z</responseDate><request verb="GetRecord" identifier="oai:www.recercat.cat:2072/415551" metadataPrefix="marc">https://recercat.cat/oai/request</request><GetRecord><record><header><identifier>oai:recercat.cat:2072/415551</identifier><datestamp>2026-03-25T03:48:48Z</datestamp><setSpec>com_2072_98</setSpec><setSpec>col_2072_378192</setSpec></header><metadata><record xmlns="http://www.loc.gov/MARC21/slim" xmlns:dcterms="http://purl.org/dc/terms/" xmlns:xsi="http://www.w3.org/2001/XMLSchema-instance" xmlns:doc="http://www.lyncode.com/xoai" xsi:schemaLocation="http://www.loc.gov/MARC21/slim http://www.loc.gov/standards/marcxml/schema/MARC21slim.xsd">
   <leader>00925njm 22002777a 4500</leader>
   <datafield ind2=" " ind1=" " tag="042">
      <subfield code="a">dc</subfield>
   </datafield>
   <datafield ind2=" " ind1=" " tag="720">
      <subfield code="a">Souza, Maria Alice Veiga Ferreira de</subfield>
      <subfield code="e">author</subfield>
   </datafield>
   <datafield ind2=" " ind1=" " tag="260">
      <subfield code="c">2013</subfield>
   </datafield>
   <datafield ind2=" " ind1=" " tag="520">
      <subfield code="a">Sistemas lineares são importante ferramenta de decisão nas engenharias. Foi estudado tal conceito e produção de significados de 190 estudantes das engenharias, por meio de análise qualitativa e quantitativa, à luz, principalmente, de teorias sócio-históricas e da didática da Matemática. 74% dosestudantes não responderam/responderam erradamente sobre o que era um sistema linear, 2% reconheceram corretamente sistemas lineares em sua forma analítica e somente 48% dos estudantes resolveram corretamente o exercício proposto. Em seguida, propôs-se uma situação didática em Engenharia- estudo do fluxo de trânsito - que supriu a insuficiência ou deficiência da produção de significados do conceito de sistemas lineares estudados de maneira desligada de suas aplicações, suprindo, assim, um lapso de aprendizagem de anos escolares anteriores em mais de 90%.</subfield>
   </datafield>
   <datafield tag="653" ind2=" " ind1=" ">
      <subfield code="a">Sistemas lineares</subfield>
   </datafield>
   <datafield tag="653" ind2=" " ind1=" ">
      <subfield code="a">Conceito</subfield>
   </datafield>
   <datafield tag="653" ind2=" " ind1=" ">
      <subfield code="a">Produção de significados</subfield>
   </datafield>
   <datafield tag="653" ind2=" " ind1=" ">
      <subfield code="a">Solução de problemas</subfield>
   </datafield>
   <datafield tag="653" ind2=" " ind1=" ">
      <subfield code="a">Didática</subfield>
   </datafield>
   <datafield ind2="0" ind1="0" tag="245">
      <subfield code="a">Sistemas lineares na engenharia : conceito, significados e situação didática</subfield>
   </datafield>
</record></metadata></record></GetRecord></OAI-PMH>